América latina y la nueva arquitectura internacional de la propiedad intelectual : de los ADPIC-TRIPS a los nuevos tratados de libre comercio /
Guardado en:
| Autor Principal: | |
|---|---|
| Formato: | Desconocido |
| Idioma: | Spanish |
| Publicado: |
Buenos Aires :
La Ley; Departamento de publicaciones UBA,
2007.
|
| Series: | Colección CEIDIE - Centro de Estudios Interdisciplinarios de Derecho Industrial y Económico
|
| Materias: | |
| Etiquetas: |
Agregar Etiqueta
Sin Etiquetas, Sea el primero en etiquetar este registro!
|
| LEADER | 00743nac a22001815a 4500 | ||
|---|---|---|---|
| 001 | DER.der004139 | ||
| 008 | 180615s2007####ag#||||||||||||||#||spa|| | ||
| 005 | 20240206125225.0 | ||
| 245 | 1 | 0 | |a América latina y la nueva arquitectura internacional de la propiedad intelectual : |b de los ADPIC-TRIPS a los nuevos tratados de libre comercio / |c Pedro Roffe. |
| 260 | |a Buenos Aires : |b La Ley; Departamento de publicaciones UBA, |c 2007. | ||
| 300 | |a 161 p. | ||
| 020 | |a 9789870309864 | ||
| 100 | 1 | |a Roffe, Pedro | |
| 830 | 0 | |a Colección CEIDIE - Centro de Estudios Interdisciplinarios de Derecho Industrial y Económico | |
| 650 | 7 | |a GLOBALIZACION | |
| 650 | 7 | |a DERECHO DE AUTOR | |
| 650 | 7 | |a DERECHO DE EXCLUSION | |
| 859 | |a DERECHO |b BIB. DERECHO |h 346.02 |i ROF |p 005425 | ||
